| 000 | nam a22 a 4500 | ||
|---|---|---|---|
| 999 |
_c4666 _d4666 |
||
| 003 | AKMAL | ||
| 005 | 20170727145507.0 | ||
| 008 | 170727b2017 my ||||| |||| 00| 0 eng d | ||
| 020 | _cRM 24.00 | ||
| 082 | 0 | 4 |
_a343.595084 MAL _221 |
| 090 | 0 | 0 |
_a343.595084 _bMAL |
| 110 | 1 |
_aMalaysia _9400 |
|
| 245 | 1 | 0 |
_aAkta Jualan Langsung Dan Skim Anti-Piramid 1993 dan Peraturan-Peraturan (Akta 500) _b(Pindaan hingga Mac 2011) / _cdisusun oleh Lembaga Penyelidikan Undang-Undang |
| 260 |
_aPudu, Kuala Lumpur : _bMDC Publishers Sdn. Bhd, _c2017 |
||
| 300 | 0 | 0 |
_a68ms. ; _c24cm. |
| 650 | 0 |
_aDirect selling _xLaw and legislation _zMalaysia _98982 |
|
| 650 | 0 |
_aDirect marketing _xLaw and legislation _zMalaysia _98983 |
|
| 710 | 2 |
_aLembaga Penyelidikan Undang-Undang _98984 |
|
| 740 | 0 | 2 | _aDirect Selling Act 1993 (Act 500) |
| 942 |
_2ddc _cBOOK |
||